| 000 | 00370 a2200121 4500 | ||
|---|---|---|---|
| 001 | ART_46691 | ||
| 005 | 20260410162040.0 | ||
| 008 | 260409a | ||
| 245 | 1 | 0 | _aAcarreo de divisas y costo de las reservas internacionales en México |
| 100 | 1 | _aRozo, Carlos | |
| 700 | 1 | _aMaldonado, Norma | |
| 773 | 0 |
_tRevista Cepal _g- Nº 123 (dic. 2017) _wREV45125 |
|
| 999 |
_c34768 _d34768 |
||